| 000 | 00387nam a2200157Ia 4500 | ||
|---|---|---|---|
| 008 | 230711s9999||||xx |||||||||||||| ||und|| | ||
| 041 | _aENG | ||
| 082 |
_a720 _bRO-A |
||
| 100 | _aMartyn Dade-Robertson | ||
| 245 | 4 | _aThe Architecture of information | |
| 250 | _a1st . Ed. | ||
| 260 |
_c2011 _aLondon _bRoutledge and Kegan Paul |
||
| 300 | _a178 | ||
| 650 | _aArchitecture | ||
| 942 | _cBK | ||
| 999 |
_c5377 _d5377 |
||